[Event "Mistrzostwa Polski Nauczycieli"]
[Site "Krakow"]
[Date "2010.06.03"]
[Round "1.1"]
[White "Janik, Andrzej"]
[Black "Wlodarczyk, Oskar"]
[Result "0-1"]
[BlackElo "2328"]
[BlackTitle "m"]
[WhiteElo "1929"]
[WhiteTitle "I"]

1. Nf3 Nf6 2. b3 g6 3. Bb2 Bg7 4. c4 c5 5. g3 O-O 6. Bg2 Nc6 7. O-O d6 8. d4
cxd4 9. Nxd4 Bd7 10. Nc3 h5 11. Re1 h4 12. Nxc6 bxc6 13. e4 Qa5 14. Qe2 hxg3
15. hxg3 Ng4 16. Na4 Qh5 17. f3 Bxb2 18. Qxb2 Qh2+ 19. Kf1 Ne5 20. Qd2 Bh3  0-1

[Event "Mistrzostwa Polski Nauczycieli"]
[Site "Krakow"]
[Date "2010.06.03"]
[Round "1.2"]
[White "Bielczyk, Jacek"]
[Black "Bujak, Jozef"]
[Result "1-0"]
[BlackElo "1926"]
[BlackTitle "I"]
[WhiteElo "2301"]
[WhiteTitle "IM"]

1. e4 Nf6 2. e5 Nd5 3. d4 d6 4. Nf3 Bg4 5. Be2 e6 6. O-O Be7 7. h3 Bh5 8. c4 Nb6
9. Nc3 O-O 10. Be3 d5 11. cxd5 Nxd5 12. Qb3 Nb6 13. a4 a5 14. Rfd1 Qc8 15. Rac1
Nc6 16. Ne4 Nb4 17. Bg5 Bxg5 18. Nexg5 c6 19. Ne4 Qd7 20. Qe3 Qe7 21. b3 N6d5
22. Qd2 Rad8 23. Nh2 Bxe2 24. Qxe2 Qh4 25. Nd6 Rd7 26. Rd2 f5 27. Nc4 b6 28.
Nf1 f4 29. Nh2 g5 30. Nd6 Rg7 31. Ne4 Qh6 32. Ng4 Qg6 33. Ngf6+ Kh8 34. Qg4 Nc7
35. Re1 Nbd5 36. Nh5 Rgg8 37. Nef6 Nxf6 38. Nxf6 Rg7 39. Rc1 Nd5 40. Rxc6 f3
41. Qxf3 Nxf6 42. exf6 Rxf6 43. Rc8+ Rg8 44. Rxg8+ Kxg8 45. Qe3 Kf7 46. Rd3 Rf5
47. Rc3 b5 48. Rc7+  1-0

[Event "Mistrzostwa Polski Nauczycieli"]
[Site "Krakow"]
[Date "2010.06.03"]
[Round "1.3"]
[White "Sadzikowski, Marian"]
[Black "Pacuszka, Tomasz"]
[Result "0-1"]
[BlackElo "2295"]
[BlackTitle "FM"]
[WhiteElo "1911"]
[WhiteTitle "I"]

1. e4 c5 2. f4 g6 3. Nf3 Bg7 4. c3 d5 5. Bb5+ Bd7 6. Bxd7+ Qxd7 7. Ne5 Bxe5 8.
fxe5 dxe4 9. O-O f5 10. exf6 Nxf6 11. Qb3 Nc6 12. d3 exd3 13. Bg5 O-O-O 14. Nd2
Qd5 15. Bxf6 exf6 16. Qxd5 Rxd5 17. Rxf6 Re8 18. Raf1 Re2 19. Rf8+ Kd7 20.
R8f7+ Ne7 21. Rd1 Ke6 22. Rxh7 Nf5 23. c4 Rd8 24. Nb3 b6 25. Rd2 Rf8 26. Rxd3
Ne3 27. Nd2 Re1+  0-1

[Event "Mistrzostwa Polski Nauczycieli"]
[Site "Krakow"]
[Date "2010.06.03"]
[Round "1.4"]
[White "Kukula, Pawel"]
[Black "Kosiba, Marcin"]
[Result "1-0"]
[BlackElo "1905"]
[BlackTitle "II"]
[WhiteElo "2261"]
[WhiteTitle "k+"]

1. e4 e5 2. Nf3 Nc6 3. d4 exd4 4. Bc4 Bb4+ 5. c3 dxc3 6. O-O h6 7. bxc3 Ba5 8.
Qb3 Qf6 9. e5 Qg6 10. Ba3 Nge7 11. Nbd2 O-O 12. Bb5 Re8 13. Rfe1 Nd8 14. Bxe7
Rxe7 15. Qa3 d6 16. Qxa5 Bh3 17. g3 a6 18. exd6 Rxe1+ 19. Rxe1 Qxd6 20. Bf1 Bd7
21. Ne4 Nc6 22. Qc5 Qg6 23. Nh4 Qe6 24. Bc4 Qg4 25. f3 b6 26. Qxc6 Bxc6 27.
fxg4 b5 28. Bd3 Rd8 29. Bb1 g5 30. Nf5 Kh7 31. Nf6+ Kg6 32. Nh5  1-0

[Event "Mistrzostwa Polski Nauczycieli"]
[Site "Krakow"]
[Date "2010.06.03"]
[Round "1.5"]
[White "Beker, Cezary"]
[Black "Sadzikowski, Daniel"]
[Result "0-1"]
[BlackElo "2258"]
[BlackTitle "k++"]
[WhiteElo "1849"]
[WhiteTitle "II"]

1. e4 c5 2. Nf3 e6 3. d4 cxd4 4. Nxd4 Nf6 5. Nc3 Nc6 6. Ndb5 d6 7. Bf4 e5 8. Bg5
a6 9. Na3 b5 10. Bxf6 gxf6 11. Nd5 f5 12. Bxb5 axb5 13. Nxb5 Ra4 14. O-O Be7
15. Nbc7+ Kf8 16. Qh5 Kg7 17. exf5 Rh4 18. Qf3 Nd4 19. f6+ Bxf6 20. Qxf6+ Qxf6
21. Nxf6 Kxf6 22. g3 Bb7 23. f4 Ne2+ 24. Kf2 Rxh2+ 25. Ke1 Nxg3 26. fxe5+ Kxe5 
0-1

[Event "Mistrzostwa Polski Nauczycieli"]
[Site "Krakow"]
[Date "2010.06.03"]
[Round "1.6"]
[White "Szymczak, Rafal"]
[Black "Michalik, Marek"]
[Result "1-0"]
[BlackElo "1824"]
[BlackTitle "I"]
[WhiteElo "2064"]
[WhiteTitle "I++"]

1. f4 e5 2. fxe5 d6 3. exd6 Bxd6 4. Nf3 Bg4 5. e4 Nf6 6. d3 Nc6 7. Be3 Qe7 8.
Nc3 O-O-O 9. a3 Rhe8 10. Qd2 Bxf3 11. gxf3 Ne5 12. Qf2 b6 13. Nb5 Kb7 14. O-O-O
Nh5 15. Be2 g5 16. d4 Ng6 17. e5 a6 18. exd6 Qxe3+ 19. Qxe3 Rxe3 20. dxc7 Rd7
21. Nc3 Nhf4 22. Bxa6+  1-0

[Event "Mistrzostwa Polski Nauczycieli"]
[Site "Krakow"]
[Date "2010.06.03"]
[Round "1.7"]
[White "Ocwieja, Piotr"]
[Black "Wiecek, Pawel"]
[Result "1-0"]
[BlackElo "2047"]
[BlackTitle "I+"]
[WhiteElo "1668"]
[WhiteTitle "II"]

1. Nc3 e5 2. e4 Nf6 3. Bc4 Bb4 4. d3 d5 5. exd5 Nxd5 6. Ne2 O-O 7. O-O Nb6 8.
Bb3 Nc6 9. Ne4 Na5 10. N2g3 Nxb3 11. axb3 f5 12. Ng5 h6 13. Nf3 Qf6 14. Nh5 Qe7
15. c3 Bd6 16. Re1 Qf7 17. Nxe5 Bxe5 18. Rxe5 Be6 19. Qe2 Rae8 20. Bf4 Nd7 21.
Re3 g5 22. Re1 Nc5 23. b4 Nxd3 24. Qxd3 Rd8 25. Qe2 Bc4 26. Qf3 g4 27. Qxb7
Qxh5 28. Qxc7 Bf7 29. Qxa7 Rd2 30. Re5 Qg6  1-0

[Event "Mistrzostwa Polski Nauczycieli"]
[Site "Krakow"]
[Date "2010.06.03"]
[Round "1.8"]
[White "Slabek, Grzegorz"]
[Black "Nawrot, Zbigniew"]
[Result "1-0"]
[BlackElo "1667"]
[BlackTitle "II"]
[WhiteElo "2037"]
[WhiteTitle "k"]

1. d4 d5 2. Nf3 Nf6 3. e3 c6 4. Be2 e6 5. O-O Be7 6. b3 Qc7 7. Bb2 Nbd7 8. Nbd2
b6 9. c4 Bb7 10. Ne5 Rd8 11. cxd5 exd5 12. Rc1 O-O 13. Ndf3 Bd6 14. Qc2 c5 15.
Rfd1 Rc8 16. Qf5 g6 17. Qb1 Ne4 18. Nxd7 Qxd7 19. dxc5 Rxc5 20. Rxc5 bxc5 21.
Ne5 Qc7 22. f4 f6 23. Nf3 Be7 24. Bd3 f5 25. Ne5 Bh4 26. g3 Be7 27. Qc2 Rc8 28.
Qe2 Bd6 29. Bxe4 fxe4 30. Qg4 Bxe5 31. Qe6+ Qf7 32. Qxe5 Kf8 33. Rc1 c4 34.
bxc4 dxc4 35. Qh8+ Qg8 36. Ba3+ Kf7 37. Qd4 Qd8 38. Qxa7 Rc7 39. Qa5 Qd7 40.
Bb2 Rc8 41. Qc3 Kg8 42. Qh8+ Kf7 43. Qxh7+ Ke8 44. Qg8+ Ke7 45. Qg7+ Ke8 46.
Qxg6+ Qf7 47. Qxf7+ Kxf7 48. Bd4 Bd5 49. Rc2 Ra8 50. g4 Re8 51. Kf2 Rg8 52. Kg3
Be6 53. h3 Ra8 54. f5 Bd5 55. Kf4 c3 56. Rxc3 Rxa2 57. Rc7+ Ke8 58. Ke5 Kd8 59.
Bb6 Rb2 60. Kxd5 Rxb6 61. Rh7 Kc8  1-0

[Event "Mistrzostwa Polski Nauczycieli"]
[Site "Krakow"]
[Date "2010.06.03"]
[Round "1.9"]
[White "Kozlowski, Cezary"]
[Black "Garbowska, Hanna"]
[Result "0-1"]
[BlackElo "2036"]
[BlackTitle "k"]
[WhiteElo "1637"]
[WhiteTitle "II"]

1. f4 d5 2. Nf3 e6 3. b3 c5 4. e3 Nf6 5. Bb2 Nc6 6. Bd3 Be7 7. O-O O-O 8. Nc3 a6
9. a4 Nb4 10. Be2 b6 11. Ne5 Qc7 12. Na2 Nc6 13. Nxc6 Qxc6 14. c4 Bb7 15. d3
Rfd8 16. Bf3 Qd7 17. d4 dxc4 18. bxc4 Rac8 19. Qb3 Bxf3 20. Rxf3 Ne4 21. Rd1
Bf6 22. Rff1 Qc7 23. d5 exd5 24. cxd5 c4 25. Qc2 c3 26. Ba3 Nd2 27. e4 Nxf1 28.
Rxf1 Bd4+ 29. Kh1 Qc4 30. Rd1 b5 31. Nb4 Bc5 32. Rb1 a5 33. Nc6 Bxa3 34. axb5
Bb4 35. h3 Re8 36. b6 Rxc6 37. dxc6 Qxc6 38. e5 Rd8 39. b7 Qxb7  0-1

[Event "Mistrzostwa Polski Nauczycieli"]
[Site "Krakow"]
[Date "2010.06.03"]
[Round "1.11"]
[White "Ruggiero, Janusz"]
[Black "Czyrnek, Stanislaw"]
[Result "1-0"]
[BlackElo "1990"]
[BlackTitle "I+"]
[WhiteElo "1669"]
[WhiteTitle "II"]

1. d4 c5 2. d5 e5 3. e4 d6 4. c4 Be7 5. Nc3 Nf6 6. Nf3 O-O 7. Be2 Ne8 8. O-O f5
9. exf5 Bxf5 10. Bd3 Qd7 11. Bg5 Bg4 12. Qc2 h6 13. Bh7+ Kh8 14. Nh4 Bh5 15.
Bxe7 Qxe7 16. g3 Nf6 17. Bg6 Bg4 18. Bf5 Bh5 19. f4 Nbd7 20. h3 g5 21. fxg5
hxg5 22. Nf3 Rg8 23. g4 Bf7 24. Rf2 Rg7 25. Raf1 Re8 26. Nxg5 Bg8 27. Bxd7 Qxd7
28. Rxf6 Rxg5 29. Ne4 Rg7 30. Rh6+ Bh7 31. Nf6 Qe7 32. Nxe8 Qxe8 33. Rff6 Kg8
34. Qf2 e4 35. Qe3 Qe5 36. Rxd6 Rf7 37. Rd8+ Kg7 38. Re6 Qd4 39. Qxd4+ cxd4 
1-0

[Event "Mistrzostwa Polski Nauczycieli"]
[Site "Krakow"]
[Date "2010.06.03"]
[Round "2.1"]
[White "Wlodarczyk, Oskar"]
[Black "Slabek, Grzegorz"]
[Result "1-0"]
[BlackElo "2037"]
[BlackTitle "k"]
[WhiteElo "2328"]
[WhiteTitle "m"]

1. e4 d5 2. exd5 Nf6 3. Bb5+ Bd7 4. Be2 Nxd5 5. d4 Bf5 6. Nf3 e6 7. c4 Nb4 8.
Na3 Be7 9. O-O O-O 10. Be3 c6 11. Qd2 a5 12. Rfd1 h6 13. Bf4 Nd7 14. h3 Nf6 15.
Qe3 Re8 16. Kh1 Ne4 17. Ne5 Bh4 18. g3 Be7 19. g4 Bh7 20. Bf3 Nd6 21. Bg2 Bg5
22. Rd2 f6 23. Nf3 Bxf4 24. Qxf4 Ne4 25. Re2 g5 26. Qe3  1-0

[Event "Mistrzostwa Polski Nauczycieli"]
[Site "Krakow"]
[Date "2010.06.03"]
[Round "2.2"]
[White "Garbowska, Hanna"]
[Black "Bielczyk, Jacek"]
[Result "1/2-1/2"]
[BlackElo "2301"]
[BlackTitle "IM"]
[WhiteElo "2036"]
[WhiteTitle "k"]

1. e4 c5 2. Nf3 Nc6 3. d4 cxd4 4. Nxd4 Nf6 5. Nc3 d6 6. Be2 e5 7. Nb3 Be7 8. O-O
O-O 9. Kh1 a5 10. a4 Nb4 11. f4 Be6 12. f5 Bd7 13. Bg5 Bc6 14. Bxf6 Bxf6 15.
Nd5 Bxd5 16. exd5 Qb6 17. c3 Na6 18. Bxa6 Qxa6 19. Qg4  1/2-1/2

[Event "Mistrzostwa Polski Nauczycieli"]
[Site "Krakow"]
[Date "2010.06.03"]
[Round "2.3"]
[White "Pacuszka, Tomasz"]
[Black "Remez, Serhiy"]
[Result "1-0"]
[BlackElo "2019"]
[BlackTitle "I"]
[WhiteElo "2295"]
[WhiteTitle "FM"]

1. Nf3 d5 2. d4 Nf6 3. e3 Bg4 4. Bd3 Nbd7 5. O-O e5 6. Be2 e4 7. Nfd2 Bxe2 8.
Qxe2 Bd6 9. c4 c6 10. Nc3 a6 11. a4 O-O 12. f4 exf3 13. Qxf3 Qe7 14. e4 dxe4
15. Ndxe4 Nxe4 16. Qxe4 Rae8 17. Qxe7 Rxe7 18. c5 Bb8 19. b4 Rd8 20. b5 Nf8 21.
bxa6 bxa6 22. Rb1 Ba7 23. Kh1 Rxd4 24. g3 Rc4 25. Rb3 Bxc5 26. Rf4 Rxf4 27.
Bxf4 f6 28. Rb8 g5 29. Bd2 Rd7 30. Ne4 Be7 31. Bb4 Rd1+ 32. Kg2 Bxb4 33. Rxb4
Kg7 34. Rc4 f5 35. Nxg5 Kf6 36. Nf3 Rd6 37. Nd4 c5 38. Nb3 Nd7 39. Nxc5 Rd2+
40. Kg1 Ne5 41. Rf4 Rd1+ 42. Kg2 a5 43. h3 Rd5 44. Nb3 Nd3 45. Rh4 Kg6 46. Rc4
Nb2 47. Rc6+ Kg5 48. Nc5 Rd2+ 49. Kf1 Rh2 50. Ne6+ Kf6 51. Kg1 Rd2 52. Nd4+ Ke5
53. Nf3+ Kd5 54. Rb6 Rc2 55. Rb5+ Ke4 56. Ng5+ Kd3 57. Rxa5 Ke3 58. Ne6 Nc4 59.
Rxf5  1-0

[Event "Mistrzostwa Polski Nauczycieli"]
[Site "Krakow"]
[Date "2010.06.03"]
[Round "2.4"]
[White "Ciba, Przemyslaw"]
[Black "Kukula, Pawel"]
[Result "0-1"]
[BlackElo "2261"]
[BlackTitle "k+"]
[WhiteElo "1942"]
[WhiteTitle "II+"]

1. Nf3 d5 2. d4 c6 3. e3 e6 4. Be2 f5 5. Nbd2 Nf6 6. Ne5 Bd6 7. f4 O-O 8. h4 c5
9. g4 cxd4 10. g5 dxe3 11. gxf6 exd2+ 12. Bxd2 gxf6 13. Nd3 Nc6 14. Bh5 Kh8 15.
c3 Qe7 16. Qe2 Bd7 17. O-O-O Rg8 18. Be3 a5 19. Qf2 a4 20. Nc5 a3 21. b4 Be8
22. Bf3 Bf7 23. h5 Rac8 24. Qh4 b6 25. Nd7 d4 26. Qxf6+ Qxf6 27. Nxf6 Rg3 28.
Bxc6 Rxe3 29. b5 Rxc3+ 30. Kb1 Rc4 31. Nd7 Bxf4 32. Rdf1 Rb4+ 33. Ka1 Bd2 34.
Rf3 Bc3+ 35. Rxc3 dxc3 36. Rc1 Bxh5 37. Rh1 c2 38. Rc1 Bd1 39. Ne5 Kg7 40. Bd7
Rc5 41. Nd3 Rb1+ 42. Rxb1 cxb1=R+  0-1

[Event "Mistrzostwa Polski Nauczycieli"]
[Site "Krakow"]
[Date "2010.06.03"]
[Round "2.5"]
[White "Sadzikowski, Daniel"]
[Black "Ruggiero, Janusz"]
[Result "1-0"]
[BlackElo "1669"]
[BlackTitle "II"]
[WhiteElo "2258"]
[WhiteTitle "k++"]

1. e4 e5 2. Nf3 Nc6 3. Bb5 Nf6 4. O-O d6 5. d4 exd4 6. Nxd4 Bd7 7. Nc3 Nxd4 8.
Qxd4 Bxb5 9. Nxb5 a6 10. Nc3 Be7 11. b3 Qd7 12. Bb2 O-O-O 13. Rad1 Kb8 14. Bc1
Ng4 15. Nd5 Bf6 16. Nxf6 Nxf6 17. Be3 b6 18. Bg5 Rdg8 19. Bxf6 gxf6 20. Qxf6
Rxg2+ 21. Kxg2 Qg4+ 22. Kh1 Rg8 23. Rg1 Qxe4+ 24. f3 Rxg1+ 25. Rxg1 Qxc2 26.
Qxf7  1-0

[Event "Mistrzostwa Polski Nauczycieli"]
[Site "Krakow"]
[Date "2010.06.03"]
[Round "2.6"]
[White "Ocwieja, Piotr"]
[Black "Szymczak, Rafal"]
[Result "1/2-1/2"]
[BlackElo "2064"]
[BlackTitle "I++"]
[WhiteElo "1668"]
[WhiteTitle "II"]

1. Nc3 f5 2. e4 d6 3. Nf3 fxe4 4. Nxe4 Nf6 5. Nxf6+ exf6 6. Bc4 Qe7+ 7. Qe2
Qxe2+ 8. Bxe2 d5 9. O-O Bd6 10. Re1 O-O 11. d4 Nc6 12. c3 Bg4 13. Bd2 Rfe8 14.
h3 Bh5 15. g4 Bg6 16. Nh4 Ne7 17. Bf1 Bf7 18. Re2 g5 19. Ng2 Ng6 20. Rae1 Rxe2
21. Rxe2 c6 22. Re1 Re8 23. Bd3 Rxe1+ 24. Bxe1 Nf4 25. Nxf4 Bxf4 26. Kg2 Kg7
27. Kf3 Bg6 28. Bxg6 Kxg6 29. h4 h5 30. hxg5 fxg5 31. gxh5+ Kxh5 32. Ke2 Bc1
33. b3 Kg4 34. f3+ Kf4 35. Bf2 a5 36. a4 b5 37. Be1 bxa4 38. bxa4 Ba3 39. Kf2
Be7 40. Bd2+ Kf5 41. Ke3 Bd6 42. Kf2 Bf4 43. Be1 Bc7 44. Bd2 g4 45. fxg4+ Kxg4
46. Ke2 Bd8 47. Kd3 Kf5 48. c4 dxc4+ 49. Kxc4 Ke6 50. Kc5 Kd7 51. d5 cxd5 52.
Kxd5 Kc8 53. Kc6 Kb8 54. Bf4+ Ka8  1/2-1/2

[Event "Mistrzostwa Polski Nauczycieli"]
[Site "Krakow"]
[Date "2010.06.03"]
[Round "2.7"]
[White "Wiecek, Pawel"]
[Black "Beker, Cezary"]
[Result "1-0"]
[BlackElo "1849"]
[BlackTitle "II"]
[WhiteElo "2047"]
[WhiteTitle "I+"]

1. d4 Nf6 2. c4 g6 3. Nc3 d5 4. e3 Bg7 5. Qb3 dxc4 6. Bxc4 O-O 7. Nf3 Nc6 8. Be2
e6 9. O-O b6 10. Rd1 Ne7 11. Bd2 Bb7 12. Rac1 Ned5 13. Ne5 Nd7 14. Nd3 a6 15.
Nxd5 Bxd5 16. Qc2 Ra7 17. Nb4 Qa8 18. Nxd5 Qxd5 19. Bf3 Qd6 20. Qa4 c5 21. dxc5
Nxc5 22. Qa3 Qb8 23. b4 Nd7 24. Be2 Qb7 25. Rc2 Rc8 26. Rdc1 Rxc2 27. Rxc2 Bf8
28. Qc1 Bd6 29. Bf3 Bxh2+ 30. Kxh2 Qb8+ 31. Kg1  1-0

[Event "Mistrzostwa Polski Nauczycieli"]
[Site "Krakow"]
[Date "2010.06.03"]
[Round "2.8"]
[White "Czyrnek, Stanislaw"]
[Black "Michalik, Marek"]
[Result "1-0"]
[BlackElo "1824"]
[BlackTitle "I"]
[WhiteElo "1990"]
[WhiteTitle "I+"]

1. e4 Nf6 2. Nc3 d5 3. e5 Nfd7 4. Nxd5 Nxe5 5. Ne3 c5 6. Be2 Nbc6 7. Nf3 g6 8.
O-O Bg7 9. Re1 O-O 10. d3 b6 11. Nxe5 Nxe5 12. Bd2 Bb7 13. Bc3 Qc7 14. Qd2 Rad8
15. Rad1 Bh6 16. Qc1 Qc6 17. Bf1 Ng4 18. h3 Nxe3 19. fxe3 Rd7 20. Qd2 Rfd8 21.
Qf2 c4 22. d4 e5 23. Be2 f5 24. Bf3 e4 25. Be2 f4 26. Qf1 b5 27. Bg4 Rf7 28. d5
Rxd5 29. Rxd5 Qxd5 30. Rd1 fxe3 31. Qe1 Qc6 32. Rd8+ Rf8 33. Qd1 Qb6 34. Rxf8+
Bxf8 35. Qd7 e2+ 36. Kh1 e1=R+ 37. Bxe1 b4 38. Be6+ Kh8 39. Qf7  1-0

[Event "Mistrzostwa Polski Nauczycieli"]
[Site "Krakow"]
[Date "2010.06.03"]
[Round "2.9"]
[White "Nawrot, Zbigniew"]
[Black "Janik, Andrzej"]
[Result "1/2-1/2"]
[BlackElo "1929"]
[BlackTitle "I"]
[WhiteElo "1667"]
[WhiteTitle "II"]

1. e4 e5 2. Nf3 d6 3. d4 Nf6 4. dxe5 Nxe4 5. Qd5 Nc5 6. exd6 Bxd6 7. Bg5 f6 8.
Be3 Be6 9. Qh5+ g6 10. Qh6 Bf8 11. Qh4 Nbd7 12. Nc3 a6 13. O-O-O Qe7 14. Nd4
Bf7 15. Bh6 O-O-O 16. Bxf8 Qxf8 17. f4 Qg7 18. Qf2 Rhe8 19. g3 f5 20. Bg2 Ne4
21. Bxe4 fxe4 22. Rhe1 Nf6 23. Nb3 Rxd1+ 24. Nxd1 Bxb3 25. cxb3 Kb8 26. Qd4 Qe7
27. Ne3 h5 28. f5 Rd8 29. Qc4 gxf5 30. Nxf5 Qd7 31. Qf1 Qd2+ 32. Kb1 Qd5 33.
Ne3 Qe6 34. Rd1 Rxd1+ 35. Qxd1 Kc8 36. Qd4 Qd6 37. Qc3 c6 38. a3 Kc7 39. Ka2 b5
40. Nf5 Qe6 41. Nd4 Qd6 42. Nf5 Qe6 43. Qc5 Nd5 44. Qa7+ Kd8 45. Qa8+ Kd7 46.
Qa7+ Kd8 47. Qb8+ Kd7 48. Qa7+ Nc7 49. Qd4+ Nd5 50. Qa7+ Nc7 51. Qd4+ Nd5 52.
Qg7+ Ne7 53. Nxe7 Qxe7 54. Qd4+ Kc8 55. Qh8+ Kb7 56. Qxh5 e3 57. Qe2 Qe4 58. h4
a5 59. h5 a4 60. h6 axb3+ 61. Kxb3 Qe6+ 62. Kc2 Qxh6 63. Kd3 Qd6+ 64. Kxe3
Qxg3+ 65. Kd2 Qb3 66. Kc1 Kb6 67. Qf2+ Kc7 68. Qa7+ Kd6 69. Qb8+ Kc5 70. Qa7+
Kd6 71. Qd4+ Kc7 72. Qa7+ Kd6  1/2-1/2

[Event "Mistrzostwa Polski Nauczycieli"]
[Site "Krakow"]
[Date "2010.06.03"]
[Round "2.10"]
[White "Bujak, Jozef"]
[Black "Kozlowski, Cezary"]
[Result "1-0"]
[BlackElo "1637"]
[BlackTitle "II"]
[WhiteElo "1926"]
[WhiteTitle "I"]

1. d4 Nf6 2. c4 e5 3. dxe5 Ng4 4. Nf3 d6 5. exd6 Bxd6 6. Nbd2 Nc6 7. e3 Qe7 8.
Be2 O-O 9. O-O Re8 10. Nb3 Nf6 11. Nbd4 Nxd4 12. Nxd4 c6 13. Bf3 Qc7 14. h3 a6
15. Qc2 c5 16. Ne2 Rb8 17. Nc3 Be6 18. Nd5 Nxd5 19. cxd5 Bd7 20. b3 b5 21. Bb2
Qd8 22. Be4 h6 23. Bh7+ Kh8 24. Bf5 Rc8 25. Bxd7 Qxd7 26. Rae1 Kg8 27. e4 f6
28. Bc1 Qc7 29. f4 c4 30. Kh1 cxb3 31. Qxb3 Qc4 32. Qf3 Qc7 33. Bb2 Qe7 34. e5
fxe5 35. fxe5 Bb4 36. Rd1 Rf8 37. Qg4 Rxf1+ 38. Rxf1 Rc4 39. d6 Qe8 40. Qf5 Bc3
41. d7 Qe7 42. Qf8+  1-0

[Event "Mistrzostwa Polski Nauczycieli"]
[Site "Krakow"]
[Date "2010.06.04"]
[Round "3.2"]
[White "Sadzikowski, Daniel"]
[Black "Pacuszka, Tomasz"]
[Result "1-0"]
[BlackElo "2295"]
[BlackTitle "FM"]
[WhiteElo "2258"]
[WhiteTitle "k++"]

1. e4 c5 2. Nf3 Nc6 3. d4 cxd4 4. Nxd4 g6 5. Nc3 Bg7 6. Be3 Nf6 7. Bc4 O-O 8.
Bb3 a5 9. O-O a4 10. Nxa4 Nxe4 11. Nb5 Ra6 12. f3 Nf6 13. c4 d6 14. Qe2 Be6 15.
Rfd1 Qb8 16. Nb6 Na5 17. Nd4 Bd7 18. Nxd7 Nxd7 19. Ba4 Qc7 20. Bf2 Bf6 21. Bb5
Raa8 22. f4 Nc6 23. Nb3 Rfd8 24. a4 Nc5 25. Ra3 Nxb3 26. Rxb3 Rdc8 27. Rh3 Na7
28. b3 Nxb5 29. axb5 d5 30. cxd5 Qxf4 31. Rhd3 Qd6 32. b6 Ra3 33. Qe3 Qe5 34.
d6 exd6 35. Rxd6 Qxe3 36. Bxe3 Rxb3 37. Rxf6 Rxe3 38. Rd7 Re2 39. Rfxf7 Rc1+
40. Rf1 Rcc2 41. Ra1 Rxg2+ 42. Kf1 Rgf2+ 43. Ke1 Ra2 44. Rxa2 Rxa2 45. Rxb7
Rxh2 46. Rc7  1-0

[Event "Mistrzostwa Polski Nauczycieli"]
[Site "Krakow"]
[Date "2010.06.04"]
[Round "3.3"]
[White "Bielczyk, Jacek"]
[Black "Ocwieja, Piotr"]
[Result "1-0"]
[BlackElo "1668"]
[BlackTitle "II"]
[WhiteElo "2301"]
[WhiteTitle "IM"]

1. e4 e5 2. Nf3 Nc6 3. Bb5 a6 4. Ba4 Nf6 5. O-O b5 6. Bb3 Be7 7. Re1 O-O 8. d4
d6 9. c3 Bg4 10. Be3 Nxe4 11. Bd5 Nf6 12. Bxc6 e4 13. Bxa8 Qxa8 14. h3 Bh5 15.
Nbd2 exf3 16. Nxf3 Nd5 17. Bd2 f5 18. a4 Qb7 19. axb5 axb5 20. Qb3 Bd8 21. Ng5
Bxg5 22. Bxg5 Bf7 23. Qd1 h6 24. Bd2 c6 25. Qf3 Qd7 26. Qg3 Kh8 27. Qh4 Nf6 28.
Bxh6 gxh6 29. Qxf6+ Kg8 30. Re7  1-0

[Event "Mistrzostwa Polski Nauczycieli"]
[Site "Krakow"]
[Date "2010.06.04"]
[Round "3.5"]
[White "Ruggiero, Janusz"]
[Black "Wiecek, Pawel"]
[Result "0-1"]
[BlackElo "2047"]
[BlackTitle "I+"]
[WhiteElo "1669"]
[WhiteTitle "II"]

1. d4 Nf6 2. c4 c5 3. d5 e6 4. Nc3 exd5 5. cxd5 d6 6. e4 g6 7. Bd3 Bg7 8. Bg5
O-O 9. Qd2 Re8 10. Nge2 a6 11. a4 Nbd7 12. O-O Rb8 13. Ng3 Qc7 14. b3 Ng4 15.
f3 Nge5 16. Be2 c4 17. bxc4 Nxc4 18. Bxc4 Qxc4 19. Rfc1 Nc5 20. Nce2 Qd3 21.
Qxd3 Nxd3 22. Ra2 Nxc1 23. Nxc1 Bd7 24. Nge2 f5 25. Ng3 Rbc8 26. Nce2 Be5 27.
f4 Bg7 28. Bh4 fxe4  0-1

[Event "Mistrzostwa Polski Nauczycieli"]
[Site "Krakow"]
[Date "2010.06.04"]
[Round "3.6"]
[White "Slabek, Grzegorz"]
[Black "Ciba, Przemyslaw"]
[Result "1-0"]
[BlackElo "1942"]
[BlackTitle "II+"]
[WhiteElo "2037"]
[WhiteTitle "k"]

1. d4 Nf6 2. Nf3 d5 3. c4 e6 4. Nc3 Be7 5. Qb3 O-O 6. Bg5 dxc4 7. Qxc4 Nbd7 8.
e3 Nb6 9. Qb3 Ng4 10. Bxe7 Qxe7 11. h3 Nf6 12. Bd3 Rd8 13. Rc1 c5 14. Qa3 Qf8
15. Ke2 c4 16. Qxf8+ Kxf8 17. Bc2 Nbd5 18. Ne4 b5 19. Nxf6 gxf6 20. Be4 Bb7 21.
Nd2 f5 22. Bf3 Rac8 23. a3 Rd7 24. a4 Ba6 25. Bxd5 exd5 26. axb5 Bxb5 27. Rc3
a5 28. Rhc1 a4 29. Kf3 Rb8 30. Kf4 Re7 31. R1c2 Bd7 32. Ra3 f6 33. Nb1 Rb4 34.
Nc3 Bc6 35. Kxf5 Kf7 36. Kf4 Reb7 37. Ra2 Rd7 38. f3 Kg6 39. g4 Rd8 40. Re2 Rd7
41. Rd2 Re7 42. e4 Rd7 43. exd5 Bxd5 44. Rxa4 Rxa4 45. Nxa4 Kf7 46. Nb6 Rd6 47.
Nxd5 Rxd5 48. Ke4 Ke6 49. Rc2 Rb5 50. Rxc4 Rxb2 51. Rc6+ Kf7 52. Kf5 Rb5+ 53.
Rc5 Rb3 54. Rc7+ Ke8 55. f4 Rxh3 56. Kxf6 Rh6+ 57. Kf5 Kf8 58. g5 Rh4 59. d5
Ke8 60. d6 Kd8 61. Ke5 Rh1 62. f5 Re1+ 63. Kf6 Rd1 64. Rxh7 Rxd6+ 65. Ke5 Ra6
66. g6 Ke8 67. f6 Ra5+ 68. Kf4 Ra4+ 69. Kg5 Ra5+ 70. Kh6 Rf5 71. Kg7 Kd7 72. f7
Ke7 73. Rh8  1-0

[Event "Mistrzostwa Polski Nauczycieli"]
[Site "Krakow"]
[Date "2010.06.04"]
[Round "3.7"]
[White "Remez, Serhiy"]
[Black "Bujak, Jozef"]
[Result "1/2-1/2"]
[BlackElo "1926"]
[BlackTitle "I"]
[WhiteElo "2019"]
[WhiteTitle "I"]

1. d4 Nf6 2. c4 g6 3. Nc3 d5 4. cxd5 Nxd5 5. e4 Nxc3 6. bxc3 Bg7 7. Bg5 c5 8.
Rc1 O-O 9. Nf3 Bg4 10. d5 Qa5 11. Qd2 e6 12. Be2 exd5 13. exd5 Nd7 14. O-O Rfe8
15. h3 Bxf3 16. Bxf3 f6 17. Be3 Ne5 18. Be2 Nf7 19. Rb1 Nd6 20. Rfc1 Rad8 21.
Qc2 c4 22. Bf3 f5 23. Rb4 b5 24. a4 a6 25. Qb2 Rd7 26. axb5 axb5 27. Ra1 Qd8
28. Ra6 Ne4 29. Bxe4 Rxe4 30. Rxb5 Kf7 31. Qd2 Qe7 32. d6 Qe6 33. Rc6 f4 34.
Bxf4 Bxc3 35. Qxc3 Rxf4 36. Re5 Qf6 37. Qe3 Rf5 38. Re8 Rxf2 39. Qxf2 Qxf2+ 40.
Kxf2 Kxe8  1/2-1/2

[Event "Mistrzostwa Polski Nauczycieli"]
[Site "Krakow"]
[Date "2010.06.04"]
[Round "3.8"]
[White "Sadzikowski, Marian"]
[Black "Czyrnek, Stanislaw"]
[Result "0-1"]
[BlackElo "1990"]
[BlackTitle "I+"]
[WhiteElo "1911"]
[WhiteTitle "I"]

1. e4 e5 2. f4 d6 3. Nf3 Bg4 4. Bc4 Bxf3 5. Qxf3 Nf6 6. O-O Nbd7 7. Qb3 d5 8.
exd5 Bd6 9. fxe5 Bxe5 10. Qf3 O-O 11. c3 Nb6 12. Bb3 Qd6 13. g3 Nfxd5 14. d4
Bf6 15. Nd2 c6 16. Ne4 Qd7 17. Bd2 Rae8 18. a4 Bd8 19. Rae1 Qc7 20. c4 Nf6 21.
Bb4 Nxe4 22. Rxe4 Be7 23. Rfe1 Bxb4 24. Rxe8 Bxe1 25. Rxe1 Nd7 26. Qc3 Nf6 27.
Bd1 Rd8 28. Bf3 h6 29. b4 Qd6 30. Rd1 Qe6 31. b5 Ne4 32. Qa5 Rd7 33. Qxa7 Ng5
34. Bg2 Qe3+ 35. Kf1 Re7 36. Ra1 Re6 37. Qb8+ Kh7 38. Qf4 Rf6 39. Qxf6 gxf6 
0-1

[Event "Mistrzostwa Polski Nauczycieli"]
[Site "Krakow"]
[Date "2010.06.04"]
[Round "3.9"]
[White "Janik, Andrzej"]
[Black "Kosiba, Marcin"]
[Result "1-0"]
[BlackElo "1905"]
[BlackTitle "II"]
[WhiteElo "1929"]
[WhiteTitle "I"]

1. c4 c5 2. Nc3 Nc6 3. g3 d6 4. Bg2 Bd7 5. e3 Nf6 6. Nge2 Rb8 7. O-O e6 8. d4
cxd4 9. exd4 Be7 10. d5 Ne5 11. dxe6 fxe6 12. b3 O-O 13. Bf4 Nf7 14. Nb5 Bxb5
15. cxb5 Qd7 16. a4 Rfd8 17. Be3 Ra8 18. Bh3 Re8 19. Nf4 Nd8 20. Re1 Bf8 21.
Rc1 d5 22. Nd3 Bd6 23. Bd4 Re7 24. Rc2 Qe8 25. Qa1 Qg6 26. Qd1 Ne4 27. Ne5 Bxe5
28. Bxe5 Nf7 29. Bb2 Rae8 30. Bg2 Nf6 31. Ba3 Rd7 32. a5 Nd6 33. b6 axb6 34.
axb6 Nc8 35. Bc5 Rf7 36. Bd4 Rfe7 37. Qc1 Nd6 38. Bc5 Rd8 39. Rce2 Kf7 40. Qf4
Red7 41. Rxe6 Ne8 42. Bd4 h6 43. h4 Kg8 44. Bh3 Qf7 45. Rxf6 Nxf6 46. Be6  1-0

[Event "Mistrzostwa Polski Nauczycieli"]
[Site "Krakow"]
[Date "2010.06.04"]
[Round "3.10"]
[White "Beker, Cezary"]
[Black "Nawrot, Zbigniew"]
[Result "1/2-1/2"]
[BlackElo "1667"]
[BlackTitle "II"]
[WhiteElo "1849"]
[WhiteTitle "II"]

1. e4 c5 2. Nf3 d6 3. d4 cxd4 4. Nxd4 Nf6 5. Nc3 e6 6. Bg5 Be7 7. Ndb5 a6 8.
Bxf6 gxf6 9. Nd4 Qb6 10. Nb3 Nc6 11. Qd2 Ne5 12. O-O-O Bd7 13. h3 a5 14. f4 Ng6
15. a4 O-O 16. h4 Rfd8 17. h5 Nf8 18. h6 f5 19. exf5 Bc6 20. Qe1 Bf6 21. Qg3+
Kh8 22. Bb5 exf5 23. Nd5 Bxd5 24. Rxd5 Ng6 25. Rxf5 d5 26. Re1 Nh4 27. Rh5 Rg8
28. Qd3 Nxg2 29. Rf1 Ne3 30. Re1 d4 31. Bd7 Qb4 32. Qd2 Qxd2+ 33. Nxd2 b6 34.
Ne4 Be7 35. Re5 Bf8 36. Rh1 Rg2 37. Ng5 f6 38. Nf7+ Kg8 39. Be6 fxe5 40. Ng5+
Kh8 41. Nf7+  1/2-1/2